000 00437nam a2200181Ia 4500
003 GCL
008 140319s9999 xx 000 0 eng d
040 _aGCL /
_cGCL
082 0 4 _a747
_bW B
100 1 _aWALKER, BABARA
245 1 0 _aBALI STYLE /
_cWALKER, BABARA
260 _a[S.N] :
_bTHAMES AND HUDSON
300 _a231
650 0 4 _aINTERIOR DECORATION
650 0 4 _aINTERIOR DESIGN
650 0 4 _aBALI STYLE
942 _2ddc
_cBK
999 _c25552
_d25552